| 000 | 00734nam a2200181 i 4500 | ||
|---|---|---|---|
| 001 | 20137 | ||
| 003 | ES-MaACL | ||
| 005 | 20230906152236.0 | ||
| 007 | t| | ||
| 008 | 021107s1923 sp ||||1| spa d | ||
| 100 | 1 |
_aAguado, Crescenciano. _918603 |
|
| 245 | 1 | 0 |
_aLegislación de los impuestos de derechos Reales y timbre _b: constestaciones al programa de oposiciones a notarías, arregladas a las reformas tributarias de los años 1920 y 1922 / _cpor Crescenciano Aguado y Genaro Gil Socii. |
| 260 |
_aMadrid : _b[s.n.], _c1923 ( _fSuc. de R. Velasco) |
||
| 300 |
_a88 p. ; _c21 cm. |
||
| 650 | 4 |
_aNotarios- _zEspaña- _vContestaciones para oposiciones. _9159577 |
|
| 700 | 1 |
_aGil Socii, Genaro. _956879 |
|
| 852 |
_aES-MaACL _j1656-F-5 |
||
| 999 |
_c20137 _d20137 |
||